| 000 | 00680naa a22001817i 4500 | ||
|---|---|---|---|
| 001 | 9270 | ||
| 003 | KOSZ 005 | ||
| 005 | 20180322095109.0 | ||
| 008 | 160308s2000 ||||| ||||0|| 0 pol | ||
| 040 |
_cKOSZ 005/EG _aKOSZ 005 |
||
| 041 | 0 | _apol | |
| 100 | 1 |
_aSKRZYPNIAK, Ryszard. _d1996 - . _bPolitechnika Koszalińska - Wydział Mechaniczny, _cKatedra Nauk Pedagogicznych |
|
| 245 | 1 | 0 |
_aWartości wychowawcze w procesie wychowania rodzinnego / _cRyszard Skrzypniak. |
| 650 | 0 | _aRodzina. | |
| 650 | 0 | _aWychowanie w rodzinie. | |
| 773 | 0 |
_iW: _tRoczniki Socjologii Rodziny : studia socjologiczne oraz interdyscyplinarne. - _g2000, T. 12, s. 31-46 |
|
| 942 |
_cART _2UKD |
||
| 999 |
_c9270 _d9270 |
||